MARC details
| 000 -CABECERA |
| campo de control de longitud fija |
01815nam a2200433 a 4500 |
| 001 - NÚMERO DE CONTROL |
| campo de control |
000008927 |
| 003 - IDENTIFICADOR DEL NÚMERO DE CONTROL |
| campo de control |
DO-SdBNP |
| 005 - FECHA Y HORA DE LA ÚLTIMA TRANSACCIÓN |
| campo de control |
20260417182716.0 |
| 006 - CÓDIGOS DE INFORMACIÓN DE LONGITUD FIJA--CARACTERÍSTICAS DEL MATERIAL ADICIONAL |
| campo de control de longitud fija |
a||||gr|||| 00| 0 |
| 007 - CAMPO FIJO DE DESCRIPCIÓN FÍSICA--INFORMACIÓN GENERAL |
| campo de control de longitud fija |
ta |
| 008 - DATOS DE LONGITUD FIJA--INFORMACIÓN GENERAL |
| campo de control de longitud fija |
090921s2002 dr a 001 p spa d |
| 020 ## - NÚMERO INTERNACIONAL ESTÁNDAR DEL LIBRO |
| Número Internacional Estándar del Libro |
9993433519 |
| 040 ## - FUENTE DE LA CATALOGACIÓN |
| Centro catalogador/agencia de origen |
DO-SdBNP |
| Lengua de catalogación |
spa |
| Centro/agencia transcriptor |
BNPHU |
| Normas de descripción |
rda |
| 082 #4 - NÚMERO DE LA CLASIFICACIÓN DECIMAL DEWEY |
| Número de clasificación |
H861.508 |
| Número de documento/Ítem |
C581p |
| 245 03 - MENCIÓN DE TÍTULO |
| Título |
La ciudad prestada : |
| Resto del título |
poesía latinoamericana posmoderna en Nueva York / |
| Mención de responsabilidad, etc. |
compilador, Pedro López Adorno; ilustración, Yuly Monción. |
| 264 #1 - PRODUCCIÓN, PUBLICACIÓN, DISTRIBUCIÓN, FABRICACIÓN Y COPYRIGHT |
| Producción, publicación, distribución, fabricación y copyright |
Santo Domingo : |
| Nombre del de productor, editor, distribuidor, fabricante |
Mediabyte, |
| Fecha de producción, publicación, distribución, fabricación o copyright |
2002 |
| 300 ## - DESCRIPCIÓN FÍSICA |
| Extensión |
242 página : |
| Otras características físicas |
Ilustración ; |
| Dimensiones |
20 cm. |
| 336 ## - TIPO DE CONTENIDO |
| Fuente |
rdaconten |
| Término de tipo de contenido |
texto |
| Código de tipo de contenido |
txt |
| 337 ## - TIPO DE MEDIO |
| Fuente |
rdamedia |
| Nombre/término del tipo de medio |
sin medición |
| Código del tipo de medio |
n |
| 338 ## - TIPO DE SOPORTE |
| Fuente |
rdacarrier |
| Nombre/término del tipo de soporte |
volumen |
| Código del tipo de soporte |
nc |
| 490 1# - MENCIÓN DE SERIE |
| Mención de serie |
Luna Cabeza Caliente ; |
| Designación de volumen o secuencia |
9 |
| 505 2# - NOTA DE CONTENIDO CON FORMATO |
| Título |
Poéticas de la posmodernidad: el caso latinoaméricano en Nueva York -- |
| -- |
Poetas / Poemas : |
| Mención de responsabilidad |
José Kozer -- |
| -- |
Raúl Barrientos -- |
| -- |
Juan Manuel Rivera -- |
| -- |
Dionisio Cañas -- |
| -- |
Alexis Gómez Rosa -- |
| -- |
María Negroni -- |
| -- |
Giannina Braschi -- |
| -- |
Pedro López Adorno. |
| 590 ## - NOTA LOCAL (RLIN) |
| Nota local |
Inventariado, 2023 / MF |
| 650 #4 - PUNTO DE ACCESO ADICIONAL DE MATERIA--TÉRMINO DE MATERIA |
| Término de materia o nombre geográfico como elemento de entrada |
Poesía latinoamericana |
| Subdivisión general |
Colecciones |
| 9 (RLIN) |
9169 |
| 650 #4 - PUNTO DE ACCESO ADICIONAL DE MATERIA--TÉRMINO DE MATERIA |
| Término de materia o nombre geográfico como elemento de entrada |
Autores hispanoamericanos |
| Subdivisión general |
Crítica e interpretación |
| 9 (RLIN) |
217 |
| 650 #4 - PUNTO DE ACCESO ADICIONAL DE MATERIA--TÉRMINO DE MATERIA |
| Término de materia o nombre geográfico como elemento de entrada |
Literatura latinoamericana |
| 9 (RLIN) |
4717 |
| 650 #0 - PUNTO DE ACCESO ADICIONAL DE MATERIA--TÉRMINO DE MATERIA |
| Término de materia o nombre geográfico como elemento de entrada |
Literatura hispanoamericana |
| 9 (RLIN) |
318 |
| 700 1# - PUNTO DE ACCESO ADICIONAL--NOMBRE DE PERSONA |
| Nombre de persona |
Kozer, José, |
| Fechas asociadas al nombre |
1940- |
| 9 (RLIN) |
14627 |
| 700 1# - PUNTO DE ACCESO ADICIONAL--NOMBRE DE PERSONA |
| Nombre de persona |
Barrientos, Raúl, |
| Fechas asociadas al nombre |
1942- |
| 9 (RLIN) |
23498 |
| 700 1# - PUNTO DE ACCESO ADICIONAL--NOMBRE DE PERSONA |
| Nombre de persona |
Rivera, Juan Manuel, |
| Fechas asociadas al nombre |
1943- |
| 9 (RLIN) |
23499 |
| 700 1# - PUNTO DE ACCESO ADICIONAL--NOMBRE DE PERSONA |
| Nombre de persona |
Cañas, Dionisio, |
| Fechas asociadas al nombre |
1949- |
| 9 (RLIN) |
23500 |
| 700 1# - PUNTO DE ACCESO ADICIONAL--NOMBRE DE PERSONA |
| Nombre de persona |
Gómez Rosa, Alexis, |
| Fechas asociadas al nombre |
1950- |
| 9 (RLIN) |
23501 |
| 700 1# - PUNTO DE ACCESO ADICIONAL--NOMBRE DE PERSONA |
| Nombre de persona |
Negroni, María, |
| Fechas asociadas al nombre |
1951- |
| 9 (RLIN) |
23502 |
| 700 1# - PUNTO DE ACCESO ADICIONAL--NOMBRE DE PERSONA |
| Nombre de persona |
Braschi, Giannina, |
| Fechas asociadas al nombre |
1953 - |
| 9 (RLIN) |
23503 |
| 700 1# - PUNTO DE ACCESO ADICIONAL--NOMBRE DE PERSONA |
| Nombre de persona |
López Adorno, Pedro, |
| Fechas asociadas al nombre |
1954 - |
| Término indicativo de función/relación |
comp. |
| 9 (RLIN) |
23504 |
| 700 1# - PUNTO DE ACCESO ADICIONAL--NOMBRE DE PERSONA |
| Nombre de persona |
Monción, Yuly, |
| Término indicativo de función/relación |
ilustrador |
| 9 (RLIN) |
23505 |
| 910 ## - DATOS DE OPCIÓN DEL USUARIO (OCLC) |
| Datos de opción del usuario |
Validado. Control de calidad EMS |
| 942 ## - ELEMENTOS DE PUNTO DE ACCESO ADICIONAL (KOHA) |
| Fuente del sistema de clasificación o colocación |
Dewey Decimal Classification |
| Tipo de ítem Koha |
Libro |